000 00920nam a22003137a 4500
001 000049400
003 CHAP
005 20220329140206.0
008 971013s r 00010 d
010 _a48337
011 _a49309
035 _a53457
040 _cCHAP
090 _aFolleto 9316
100 0 0 _aToranzo, Carlos.
_9113925
245 0 _aNotas sobre la teoría de la marginidad social.
260 _aChapingo, Méx. :
_bUACH. Depto. de Sociología Rural,
_c198?
300 _a32 p.
590 _aBATCH-UPD
_b10
_c20130110
_lUCH01
_h0947
590 _aBATCH-UPD
_b10
_c20130410
_lUCH01
_h0602
590 _aBATCH-UPD
_b10
_c20130914
_lUCH01
_h2029
590 _aCONVERSION
_b10
_c20130109
_lUCH01
_h1326
590 _aE5765TAJ
_b05
_c20150204
_lUCH01
_h1302
650 1 4 _aSociología.
_9108197
901 _aBK
942 _cFOLL
942 _n0
949 _aFolleto 9316
_bBC
_cESP
_d-118530
_eESP
_i53457
_mD
_si
999 _c48337
_d48337